000 00395cam a2200157ua 4500
041 _aeng
_h
082 _a828.09
_bCAM/SH
100 _aCampbell, Lilly B .
245 _aShakespear`s tragic heroes /
_cLilly B Campbell.
_hTextual Documents
250 _a1 /
_b.
260 _aLondon :
_bMethuen and Co. Ltd ,
_c1962.
300 _a296 ; .
504 _a
942 _cBK
999 _c3510
_d3510